Psicología del desarrollo adulto

Guardat en:
Dades bibliogràfiques
Autor principal: Clemente Carrión, Antonio (Autor)
Format: Llibre
Idioma:espanyol
Publicat: Madrid Narcea 1996
Matèries:
Etiquetes: Afegir etiqueta
Sense etiquetes, Sigues el primer a etiquetar aquest registre!

MARC

LEADER 00000nam a2200000 a 4500
001 UCQ5884
003 CL-VaPUC
008 981009e19960000SP |||||||||||||||||spa|d
082 0 4 |a 155.7  |b CLE  |2 21 
100 0 |a Clemente Carrión, Antonio  |e author  |9 419881 
245 1 0 |a Psicología del desarrollo adulto 
300 |a 295 p 
942 |c BK 
945 |d 19981009 00:00:00  |a mvenant 
260 |a Madrid  |b Narcea  |c 1996 
650 0 |a Desarrollo individual   |9 307875 
650 0 |a Inteligencia  |9 267038 
650 0 |a Psicología del aprendizaje  |9 306854 
650 0 |a Afectividad  |9 334265 
650 7 |a MADUREZ  |2 CL-VaPUC  |9 309002 
650 0 |a Sexualidad  |9 358183 
650 0 |a Educación sexual  |9 308005 
650 0 |a Personalidad   |9 307255 
650 0 |a Psicología evolutiva   |9 271069 
583 |a last modification  |c 19981009 00:00:00  |k Rodrigo Vera 
999 |c 275982  |d 275980 
952 |0 0  |1 0  |4 0  |6 155_700000000000000_CLE_1996  |7 0  |8 A  |9 313057  |a BIBEDU  |b BIBEDU  |d 2019-11-20  |i 3467600  |l 1  |o 155.7 CLE 1996  |p 3467600  |r 2023-11-14  |s 2023-11-08  |w 2019-11-20  |y BK  |k PSI